00789cam a2200217 450000100040000000500170000400800390002101000170006002000280007710000270010524500920013225000120022426000430023630000470027950000200032665000210034670000220036770000210038999900130041095201480042350920181127161553.0041025s2006 nyua 001 0 eng a 2004061066 a0073018376 (alk. paper)1 aMaher, Michael,d1946-10aFundamentals of cost accounting /cMichael W. Maher, William N. Lanen, Madhav V. Rajan. a1st ed. aNew York :bMcGraw-Hill/Irwin,cc2006. axxvi, 580 p. :bill. (some col.) ;c29 cm. aIncludes index. 0aCost accounting.1 aLanen, William N.1 aRajan, Madhav V. c387d387 00102ddc40708MAINaRTCLIBbRTCLIBcMAINd2022-03-10h i1074l1m2o657.42 MAHp30002681r2022-04-19 00:00:00s2022-03-10w2018-11-27yMAIN